Guess the Undertale character (by clue) - Statistics

General Stats
  • This quiz has been taken 1,207 times
  • The average score is 13 of 16
Answer Stats
Clue Character % Correct
NYEH-HEH-HEH! Papyrus
100%
You wanna have a bad time? Sans
100%
It's kill or be killed. Flowey
99%
I am ______, caretaker of the RUINS. Toriel
99%
NGAAAAAAH! Undyne
97%
Hello, beauties and gentlebeauties! Mettaton
94%
All proceeds go to real spiders! Muffet
90%
hOI! Temmie
90%
Stay determined. Asgore
89%
Let's destroy everything in this wretched world. Chara
86%
Just let me win! Asriel
84%
Yo! Monster Kid
81%
Well, that was certainly something... Alphys
77%
Not really feeling up to it. Napstablook
69%
Take it from me, kiddo. Burgerpants
41%
Everybody knows _____ Jerry
13%
No matching quizzes found
Score Distribution
Percent of People with Each Score
Percentile by Number Answered
Your Score History
You have not taken this quiz